LAN switching and wireless : (Record no. 7086)
[ view plain ]
| 000 -LEADER | |
|---|---|
| fixed length control field | 00918oam a22001933n 4500 |
| 020 ## - INTERNATIONAL STANDARD BOOK NUMBER | |
| ISBN | 1587132737 |
| 020 ## - INTERNATIONAL STANDARD BOOK NUMBER | |
| ISBN | 9781587132735 |
| 050 ## - CALL NUMBER | |
| Classification number | TK5105.543 |
| Item number | .L58 |
| 100 ## - AUTHOR | |
| Personal name | Lewis, Wayne |
| 245 ## - TITLE | |
| Title | LAN switching and wireless : |
| Remainder of title | CCNA exploration companion guide |
| Statement of responsibility, etc | Wayne Lewis. |
| 260 ## - PUBLICATION INFORMATION | |
| Place of publication | Indianapolis, Indiana : |
| Name of publisher | Cisco Press, |
| Year of publication | ©2008 |
| 300 ## - DESCRIPTION | |
| Number of Pages | xxvi, 497 pages : |
| Other physical details | illustrations (some color) ; + |
| Dimensions | 25 cm |
| Accompanying material | 1 CD-ROM (4 3/4 in.). |
| 440 ## - SERIES | |
| SERIES | Cisco Networking Academy Program series. |
| 500 ## - NOTES | |
| General note | Includes index<br/> |
| 505 ## - FORMATTED CONTENTS NOTE | |
| Table of Content | Contents: Ch. 1. LAN Design --<br/>Ch. 2. Basic Switch Concepts and Configuration --<br/>Ch. 3. VLANs --<br/>Ch. 4. VTP --<br/>Ch. 5. STP --<br/>Ch. 6. Inter-VLAN Routing --<br/>Ch. 7. Basic Wireless Concepts and Configuration -- |
| 650 ## - SUBJECTS | |
| Topical Term | Telecommunication -- Switching systems -- Examinations -- Study guides. . |
| 650 ## - SUBJECTS | |
| Topical Term | Wireless LANs -- Examinations -- Study guides |
| 942 ## - ADDED ENTRY ELEMENTS (KOHA) | |
| Koha item type | Books |
| Withdrawn status | Lost status | Home library | Current library | Shelving location | Date acquired | Full call number | Accession Number | Koha item type |
|---|---|---|---|---|---|---|---|---|
| Methodist University Library Main | Methodist University Library Main | General Stacks | 11/12/2019 | TK5105.543 .L58 | 4515 | Books |